• 首页
  • 本馆介绍
  • 公告通知
  • 最新文献
  • 馆藏检索
  • 电子资源
  • 读者导购
  • 参考咨询
  • 我的图书馆
  • 登录
  • 详细信息显示
  • 放入我的书架
  • 预约/预借图书
  • 作者相关作品
  • 分类相关作品
  • 丛书相关作品
  • 出版社相关作品

书目信息

  • 表格格式
  • 工作单格式
  • 卡片格式
题名:
国际共产主义运动史
    
 
作者: ;黑龙江人民出版社 编
分册: 上册  
出版信息: 哈尔滨   黑龙江人民出版社  1983
页数: 464页
开本: 19cm
丛书名:
单 册:
中图分类: D1
科图分类:
主题词: 国际共产主义运动史
电子资源:
ISBN:
000 00667nam0 2200229 45
001 0183005518
005 20060516090239.67
010    @dCNY1.30
091    @a3093.295
100    @a19950622d1983 em y0chiy0121 ea
101 0  @achi
102    @aCN@b230000
105    @ay z 000yy
200 10 @a国际共产主义运动史@Aguo ji gong chan zhu yi yun dong shi@h上册@f黑龙江人民出版社编@FHei Long Jiang Ren Min Chu Ban She Bian
210    @a哈尔滨@c黑龙江人民出版社@d1983
215    @a464页@d19cm
606    @a国际共产主义运动史
690    @aD1@v3
711 02 @a黑龙江人民出版社@4编
801  2 @aCN@bNLC@c20060516
801  0 @aCN@b上海图书馆@c20040427
905    @dD1@e13:1
    
    国际共产主义运动史.上册/黑龙江人民出版社编.-哈尔滨:黑龙江人民出版社,1983
    464页;19cm
    
    
    ISBN :CNY1.30
    
●
相关链接 在E读中查询图书 在五车中查询图书 在当当中查询图书 在豆瓣中查询图书


正题名:国际共产主义运动史     索取号:D1/13:1         预约/预借

序号 登录号 条形码 馆藏地/架位号 状态 备注
1 0108891   001009606   密集书库/ [索取号:D1/13:1] 在馆    
2 0108892   001011764   第一借阅区/ [索取号:D1/13:1] 在馆    
3 0108893   001011434   第一样本阅览室/ [索取号:D1/13:1] 在馆    
4 0175222   001763354   密集书库/ [索取号:D1/13:1] 在馆    
5 0175223   202337747   密集书库/ [索取号:D1/13:1] 在馆    
6 0175224   001761702   密集书库/ [索取号:D1/13:1] 在馆    
唐山师范学院图书馆 欢迎您!
大连网信软件有限公司© 版权所有